000 01365cam a2200253 a 4500
999 _c58070
_d58070
001 16075716
005 20210607145311.0
008 100129s2010 mdua b 001 0 eng
020 _a9781598570779
041 _aeng
080 _a376.2+364 L-44
100 1 _aLeach, Debra.
_911969
245 1 0 _aBringing ABA into your inclusive classroom :
_ba guide to improving outcomes for students with autism spectrum disorders /
_cby Debra Leach.
264 _aBaltimore :
_bPaul H. Brookes Pub. Co.,
_c2010.
300 _a168 p. :
_bill. ;
_c26 cm.
653 _aაუტიზმის სპექტრის დარღვევების მქონე ახალგაზრდები
653 _aМолодежь с расстройствами аутистического спектра
653 _aС ограниченными возможностями развития
653 _aგანვითარების უნარშეზღუდული მქონე პირები
856 4 2 _3Publisher description
_uhttp://www.loc.gov/catdir/enhancements/fy1402/2010004177-d.html
856 4 2 _3Contributor biographical information
_uhttp://www.loc.gov/catdir/enhancements/fy1407/2010004177-b.html
856 4 1 _3Table of contents only
_uhttp://www.loc.gov/catdir/enhancements/fy1407/2010004177-t.html
942 _2udc
_cBK